نقش معنی / (Record no. 189552)

MARC details
000 -LEADER
fixed length control field 00607nam a22001937a 4500
005 - DATE AND TIME OF LATEST TRANSACTION
control field 20220704155825.0
010 ## - LCCN (DPL NO)
LC control number UR-11623
020 ## - INTERNATIONAL STANDARD BOOK NUMBER
Terms of availability 151.00
035 ## - SYSTEM CONTROL NUMBER
System control number U-10178
037 ## - SOURCE OF ACQUISITION
Source of stock number/acquisition DBAD/PUB
Stock number -
082 ## - DEWEY DECIMAL CLASSIFICATION NUMBER
Classification number 808.88
100 ## - MAIN ENTRY--PERSONAL NAME
Personal name محمد شرف الد ین ساحل
245 ## - TITLE STATEMENT
Title نقش معنی /
Statement of responsibility, etc محمد شرف الد ین ساحل
Medium ا ر د و
246 ## - VARYING FORM OF TITLE
Title proper/short title Naqsh-E-Ma'ani /
Remainder of title by M. Sharfuddin Sahil
260 ## - PUBLICATION, DISTRIBUTION, ETC. (IMPRINT)
Place of publication, distribution, etc Nagpur
Name of publisher, distributor, etc Aleem Publications
Date of publication, distribution, etc 2019 ء
270 ## - ADDRESS
Address Haidri Road, Momin purah
City Nagpur
Postal code 18
300 ## - PHYSICAL DESCRIPTION
Extent 256 ص
Dimensions 22cm(Hb)
942 ## - ADDED ENTRY ELEMENTS (KOHA)
Source of classification or shelving scheme Dewey Decimal Classification
Item type Urdu Bks
Classification part 808.88
Call number suffix م ح م
Holdings
Withdrawn status Lost status Not for loan Collection code Home library Current library Date acquired Source of acquisition Cost, normal purchase price Full call number Barcode Copy number Cost, replacement price Koha item type
      Non-fiction Central Library Central Library 04/07/2022 DBAD/PUB 151.00 808.88 م ح م U-10178 1 151.00 Urdu Bks

© Delhi Public Library
Hit Counter
free hit counter